quizz one piece - Statistiques

Statistiques générales
  • Ce quiz a été pris 104 fois
  • Le résultat moyen est 9 sur 15
Statistiques - réponses
Question Réponse % Correct
qui sont les quatres empereur a l'heures actuelle luffy, shanks, baggy, barbe noir
89%
de quel espèce est king ? lunariens
88%
pourquoi luffy a frappé un dragon celeste a sabaody ? parce qu'il a tiré sur octy
85%
quand a fini le siecle oublié ? il y a 800 ans
84%
lequel a obtenu son fruit du demon a god valley kaido
74%
combien y a t il de niveau a impel down 6
68%
quel membre de l'equipage de rocks a t on revu a thriller bark ? capitaine john
61%
quel est le premier bateau de luffy une barque
56%
ou kuma a t il envoyer nami ? weatheria
56%
quel est la premiere prime de roronoa zoro ? 60 millions de berry
55%
pourquoi l'ordre des grands corsaires a été aboli ? parce qu'ils ont été remplacé
52%
quel ancien ennemi de luffy est devenu son allié ? bellamy
49%
qui a mangé le ito ito no mi ? doflamingo
36%
ou es ce que le granit marin est le mieux manipulé ? wano kuni
36%
quel est le premier antagoniste de one piece ? higuma
30%
Aucun quiz correspondant
Distribution des résultats
% des personnes avec chaque résultat
Percentile par nombre de réponses
Votre historique - résultats
Vous n’avez pas pris ce quiz